[Event "Pescia op-A 4th"]
[Site "Pescia"]
[Date "2011.09.17"]
[Round "3"]
[White "Inserra, Elisa"]
[Black "Efimov, Igor"]
[Result "0-1"]
[WhiteElo "1796"]
[BlackElo "2430"]
[PlyCount "92"]
[EventDate "2011.09.16"]
[EventType "swiss"]
[EventRounds "5"]
[EventCountry "ITA"]
[SourceTitle "EXT 2015"]
[Source "ChessBase"]
[SourceDate "2014.11.20"]
[SourceVersion "1"]
[SourceVersionDate "2014.11.20"]
[SourceQuality "1"]

1. d4 Nf6 2. Bf4 g6 3. Nc3 Bg7 4. e4 0-0 5. e5 Ne8 6. Qd2 d6 7. 0-0-0 Nc6 8. Nf3 Bg4 9. Qe3 Qc8 10. Be2 e6 11. h3 Bxf3 12. Bxf3 Ne7 13. g4 Rb8 14. h4 b5 15. Bh6 b4 16. Ne2 Nd5 17. Bxd5 exd5 18. h5 Qxg4 19. Ng3 f5 20. exf6 Rxf6 21. Bxg7 Nxg7 22. hxg6 Rxg6 23. Qb3 Qg5+ 24. Kb1 Rf8 25. Rhe1 h5 26. Qxb4 Rxf2 27. Nxh5 Qxh5 28. Qb8+ Rf8 29. Qxc7 Qf5 30. Qxa7 Rg2 31. Rc1 Rc8 32. Qa4 Rc4 33. Qb3 Rxd4 34. Qb8+ Qf8 35. Qa7 Rdd2 36. Qd7 d4 37. Rg1 Rxc2 38. Rxg2 Rxc1+ 39. Kxc1 Qf1+ 40. Kc2 Qxg2+ 41. Kb3 Qd5+ 42. Ka3 d3 43. Qc8+ Kf7 44. Qd7+ Kf6 45. Qd8+ Kg6 46. Qh4 Qf3 0-1

[Event "Lucca op 21st"]
[Site "Lucca"]
[Date "2009.10.04"]
[Round "2"]
[White "Inserra, Elisa"]
[Black "Vuelban, Virgilio"]
[Result "0-1"]
[WhiteElo "1572"]
[BlackElo "2405"]
[PlyCount "100"]
[EventDate "2009.10.03"]
[EventType "swiss"]
[EventRounds "6"]
[EventCountry "ITA"]
[SourceTitle "EXT 2012"]
[Source "ChessBase"]
[SourceDate "2011.11.24"]
[SourceVersion "1"]
[SourceVersionDate "2011.11.24"]
[SourceQuality "1"]

1. d4 Nf6 2. Bf4 g6 3. Nf3 Bg7 4. e3 d6 5. Be2 0-0 6. 0-0 c5 7. c3 Qb6 8. Qb3 Be6 9. Qxb6 axb6 10. a3 Nc6 11. h3 Na5 12. Nbd2 h6 13. Rfe1 Rfe8 14. Bd3 Bd7 15. Bh2 Ba4 16. Rac1 Nd7 17. d5 c4 18. Bc2 Bxc2 19. Rxc2 Nc5 20. e4 Nd3 21. Re3 b5 22. Ne1 Nc5 23. f4 Red8 24. Nef3 Rac8 25. Re2 Nd3 26. Ne1 e6 27. Re3 Nxe1 28. Rxe1 exd5 29. exd5 Rc5 30. Nf3 Rxd5 31. Rce2 Bf6 32. Bg3 Nc6 33. Bh4 Bxh4 34. Nxh4 Kg7 35. Nf3 Rf5 36. g3 g5 37. Nd4 Nxd4 38. cxd4 gxf4 39. g4 f3 40. Rf2 Rf4 41. d5 Rd7 42. Rd1 f5 43. gxf5 Rxf5 44. Rd4 Kf6 45. Kh2 Re7 46. Kg3 Rg7+ 47. Rg4 Rxg4+ 48. hxg4 Rxd5 49. Rxf3+ Kg5 50. b3 Rd3 0-1